Quizzes
Events
Quiz Creation
Community
Videos
Private Events
Remove Ads
Sign In
Join for FREE
Feedback
Dark Mode
Quiz Categories
Sports
Geography
Music
Movies
Television
Just For Fun
Miscellaneous
History
Literature
Language
Science
Gaming
Entertainment
Religion
Holiday
For Kids
Quiz Lab
Recent
Popular Today
Quiz Kudos Today
Editor Picks
Curator Picks
Quizzes by...
Day
Popularity
Type
Ratings
Length
Year
Community
Subscriptions
Recent Discussions
Orange Saloon
Badges
Playlists
Quests
Create
Leaderboards
Showdown
Live 5
Trivia Bingo
Activity
Puzzle Library
Sporcle Events
Private Events
Virtual Trivia
Globe League
Become a Host
Pub Owners
SporcleCon
Opinionation
Our Games
Videos
Blog
Mobile Apps
Partnerships
Remove Ads and Go Orange
Feedback
Sports
Athletes
MLB
NBA
NHL
NFL
Soccer
Sports Teams
WWE
NCAA
Football
Premier League
Basketball
Baseball
Hockey
Golf
Tennis
Cricket
Rugby
Auto Racing
Olympics
World Cup
Sports
Athletes
MLB
NBA
NHL
NFL
Soccer
Sports Teams
WWE
NCAA
Football
Premier League
Basketball
Baseball
Hockey
Golf
Tennis
Cricket
Rugby
Auto Racing
Olympics
World Cup
Random Quiz
Search Sporcle
×
Quiz Lab
Quiz Lab
Sports
Football
Type in answers that appear in a list
Type in answers that appear in a list
Classic
Best Score? Go Orange.
2011-12 Champions League stadiums Stats
Can you name the 2011-12 Champions League stadiums?
By
skaara
5m
32 Questions
99 Plays
99 Plays
99 Plays
Comments
Comments
Give Quiz Kudos
Give Quiz Kudos
-
- Ratings
hide this ad
More Info
Forced Order
Answers have to be entered in order
Answers have to be entered in order
Replay
Link that replays current quiz
Next Quiz
Link to next quiz in quiz playlist
You Got
0%
They Got
Avg Score
71%
Avg Friend Score
Upgrade to see
Score Distribution
Jump to the score distribution portion of the page
Score
0/32
Timer
05:00
0
Plays Today
Stadium
Club
% Correct
Allianz Arena
FC Bayern München
99%
Etihad Stadium
Manchester City FC
99%
San Siro
FC Internazionale Milano
94.9%
Stadio San Paolo
SSC Napoli
90.9%
Old Trafford
Manchester United FC
88.9%
Estadio Santiago Bernabeu
Real Madrid CF
88.9%
Amsterdam Arena
AFC Ajax
88.9%
Stamford Bridge
Chelsea FC
88.9%
Emirates Stadium
Arsenal FC
88.9%
Stade Lille-
Metropole
LOSC Lille
85.9%
Estádio da Luz
SL Benfica
85.9%
Estadio Mestalla
Valencia CF
85.9%
San Siro
AC Milan
84.8%
Camp Nou
FC Barcelona
84.8%
Signal Iduna Park/
Westfalen Stadion
Borussia Dortmund
81.8%
Luzhiniki Stadium
PFC CSKA Moscow
80.8%
Stadium
Club
% Correct
Stade Vélodrome
Olympique de Marseille
80.8%
Stade de Gerland
Olympique Lyonnais
76.8%
BayArena
Bayer 04 Leverkusen
75.8%
Estádio do Dragã
FC Porto
75.8%
El Madrigal
Villarreal CF
73.7%
Karaiskakis Stadium
Olympiacos
62.6%
St. Jakob-
Park
FC Basel
60.6%
Hüseyin Avni Aker Stadium
Trabzonspor
57.6%
Petrovsky Stadium
FC Zenit
54.5%
Donbas Arena
FC Shakhtar Donetsk
47.5%
Stadion Maksimir
GNK Dinamo Zagreb
44.4%
GSP Stadium
APOEL FC
41.4%
Cristal Arena
KRC Genk
40.4%
Stadion Dynama
FC BATE Borisov
31.3%
Stadionul National
FC Oțelul Galați
30.3%
Synot Tip Arena
FC Viktoria Plzen
21.2%
Quiz Playlist
Details
Report
Send in Message
Add To Playlist
More Info:
Enter the name of the clubs that play at the stadiums given in the UEFA Champions League 2011/12 group stages.
Classic:
Type in answers that appear in a list
Forced Order:
Answers have to be entered in order
Quiz Source
Last Updated: Feb 16, 2017
Quiz Scoreboard
CHALLENGE
Sign Up to Join the Scoreboard
Show All
Scores
Hide
Comments
May contain spoilers
Recently Published
An Introduction to Baseball
by treessimontrees
Sports
5m
Movies - When Are They Set?
by FPL_Elf
Movies
5m
Popular People in 1961
by mucciniale
History
6m
More to Explore
Quiz From the Vault
Featured Blog Post
Where Did the Easter Bunny Come From?
hide this ad
You Might Also Like...
Tags
Football Quiz
Stadiums
UEFA Champions' League
Today's Top Quizzes in Sports
Browse Sports
hide this ad
Today's Top Quizzes in Football
Browse Football
Top Contributed Quizzes in Sports
1
Les meilleurs buteurs des matchs entre le PSG et l’OM
2
2022 World Cup Stars
3
FIFA Club World Cup Champions
4
Les entraîneurs de l'OM et du PSG au 21e siècle
5
Name the Premier League winners with different clubs
6
La finale Lions - Afrique du Sud 2021
7
Les joueurs passés par le LOSC et le RC Lens
8
Criteria MLB: Left Handed Sluggers
9
Players with Multiple 50 Home Run Seasons
10
5-to-1: UK Sports Teams
Explore More
Trending Topics
Harry Potter
Anime
Marvel
Kpop
NBA
Crossword
Disney
Soccer
Song
WWE
Country
The Office
NFL
Puzzle
Pokémon
hide this ad
More By:
skaara
Quiz
Plays
Rating
Category
Featured
Created
Most Expensive Cities
292
3.75
Geography
Oct 25, 2011
Tourists per capita
242
4.86
Geography
Dec 6, 2012
2011-12 Champions League stadiums
99
4.00
Sports
Oct 27, 2011
Go to Creator's Profile
Score Distribution
Quiz Creator Spotlight
skaara
Follow
Send a Message
Quizzes Created
-
Created Quiz Play Count
-
More By This Creator
Popular Quizzes Today
1
Find the Countries of Europe - No Outlines Minefield
2
Find the US States - No Outlines Minefield
3
The Countries of the World
4
Popular People in 1961
5
Find the US States
6
US States
7
1-10 Letter E Words III
8
Risky Map Clicking: Biggest States A-Z
More Sports Quizzes
100 Best Players in the World 2011 - Four Four Two
Quiz Lab
Trending Quizzes
Risky Map Clicking: Least Populous States A-Z
1-10 Letter F Words
1-10 Letter G Words
Not Quite an Element Typing Challenge
One Thing in Common: United Kingdom
Recently Updated
Leaping Animals
pecheneg
Reality TV Shows (A-Z)
bhenderson79
Rickey Henderson's Hall of Fame Teammates
pecheneg
Champions League XIs: Arsenal
pecheneg
Quick Pick: Celebrities in WWE's Hall of Fame
aduchscher
A-Z Keypad Blitz II
pecheneg
Multiple Oscar Actors
pecheneg
Mystery Phrase Blitz: Oscar 'Best Actors'
pecheneg
F. Scott Fitzgerald Novels
LTH
Pick 3 Villains
ddd62291
Trending Topics
Marvel
Disney
NBA
Anime
Crossword
Harry Potter
Kpop
The Office
Song
NFL
Puzzle
WWE
Country
Soccer
Pokémon
Your Account Isn't Verified!
In order to create a playlist on Sporcle, you need to verify the email address you used during registration. Go to your
Sporcle Settings
to finish the process.
Report this User
Report this user for behavior that violates our
Community Guidelines
.
Details:
Send Report
Go to the Sporcle.com Mobile Site →
Comments